000 00946nam0a22002531 4500
001 rc\2948003
005 20250806211414.0
035 _a(NLR Aleph) 007095886
090 _a54649
_c54649
100 _a20110829d1943 u y0rusy50 ca
101 0 _arus
102 _aRU
105 _ay z |||||
200 1 _aПрограмма военно-лыжной подготовки
_eДля лыжных команд и отрядов
_fВсесоюз. ком. по делам физкультуры и спорта при Совнаркоме Союза
210 _aМосква
_cФизкультура и спорт
_d1943
215 _a24 с.
_d15 см
300 _aПереизд. Саратов. облсов. "Динамо"
801 0 _aRU
_bNLR
_gpsbo
801 1 _aRU
_bELAR
_2rusmarc
852 _aNLR
_jВ40 Г-2/898
942 _cBOOK
945 _aРоссийская национальная библиотека
980 _aNB
980 _aBV